| 000 | 00000nam##2200000za#4500 |
| 001 | 9.529734 |
| 003 | CaOODSP |
| 005 | 20220623092429 |
| 007 | ta |
| 008 | 150406|1997||||xxc||||| f|0| 0 eng|d |
| 020 | |a0-662-63225-7 |
| 040 | |aCaOODSP|beng |
| 041 | |aeng |
| 041 | |afre |
| 043 | |an-cn--- |
| 086 | 1 |aC21-23/19 |
| 110 | 1 |aCanada.|bIndustry Canada. |bMicro-Economic Analysis Directorate. |
| 245 | 10|aAnalysis of international trade dispute settlement mechanisms and implications for Canada's Agreement on Internal Trade / |cby E. Wayne Clendenning and Robert J. Clendenning. |
| 260 | |aOttawa - Ontario : |bIndustry Canada. |c1997. |
| 300 | |aEnglish text, 65p. : |c23 cm. |
| 490 | 1 |aOccasional paper|vNo. 19, November 1997 |
| 500 | |aContents: International mechanisms: the European Union; the World Trade Organization; the North American Free Trade Organization.--National mechanisms: Australian Interstate Trade and the Constitution; Canada's Agreement on Internal Trade.--Comparison and assessment of the mechanisms: Comparison of the mechanisms; Effectiveness of the mechanisms; Implications for the Internal Trade mechanism. N.B.: Incorrect catalogue number (C21-23/18) printed in this publication. N.B.: This publication was previously listed for information only in Weekly Checklist 1998 No. 5, January 30, 1998. |
| 504 | |aBibliography. |
| 546 | |aBilingual |
| 563 | |aSoftcover |
| 590 | |a98-35|b1998-08-28 |
| 590 | |a98-05|b1998-01-30 |
| 690 | 07|aInternational trade|2gcpds |
| 720 | 1 |aClendenning, E. Wayne |
| 720 | 1 |aClendenning, Robert J. |
| 776 | 0#|tAnalysis of international trade dispute settlement mechanisms and implications for Canada's agreement on internal trade : |w(CaOODSP)9.570612 |
| 776 | 0#|tAnalyse des mécanismes de règlement des différends commerciaux internationaux et conséquences pour l'accord canadien sur le commerce intérieur : |w(CaOODSP)9.601260 |
| 792 | |tAnalyse des mécanismes de règlement des différends commerciaux internationaux et conséquences pour l'accord canadien sur le commerce intérieur / |efre|w(CaOODSP)9.529735 |
| 830 | #0|aOccasional paper (Canada. Industry Canada)|vNo. 19, November 1997|w(CaOODSP)9.509050 |